000 00514nam a2200181Ia 4500
008 090123s9999 xx 000 0 und d
082 _b21289
_a891.463/कर्णिक
100 _aकर्णिक हेमन
245 _aझुंज
250 _a1
260 _bश्रध्दा प्रकाशन
_c1992
300 _a164
600 _aकर्णिक हेमन
630 _aझुंज
700 _aकर्णिक हेमन
730 _aझुंज
942 _cBOOK
999 _c59360
_d59360